Sociology and Anthropology of economic life 1 : (Record no. 36956)

MARC details
000 -LEADER
fixed length control field 01594nam a22003377a 4500
005 - DATE AND TIME OF LATEST TRANSACTION
control field 20100715110722.0
010 ## - LCCN (DPL NO)
LC control number ENG-96402 B-430955
020 ## - INTERNATIONAL STANDARD BOOK NUMBER
International Standard Book Number 9780198063261
Terms of availability 850.00
020 ## - INTERNATIONAL STANDARD BOOK NUMBER
International Standard Book Number 0198063261
Terms of availability 850.00
035 ## - SYSTEM CONTROL NUMBER
System control number EN-79935 B-430955
037 ## - SOURCE OF ACQUISITION
Source of stock number/acquisition DBAD / PUB
037 ## - SOURCE OF ACQUISITION
Source of stock number/acquisition Allied Pub/Ven
082 ## - DEWEY DECIMAL CLASSIFICATION NUMBER
Classification number 306.3
245 ## - TITLE STATEMENT
Title Sociology and Anthropology of economic life 1 :
Statement of responsibility, etc edited by Veena Das [and] Ranendra K. Das
Remainder of title the moral embedding of economic action /
260 ## - PUBLICATION, DISTRIBUTION, ETC. (IMPRINT)
Place of publication, distribution, etc New Delhi
Name of publisher, distributor, etc Oxford University Press
Date of publication, distribution, etc 2010
270 ## - ADDRESS
Address YMCA Library Building, Jai Singh Road,
City New Delhi
Postal code 110001
300 ## - PHYSICAL DESCRIPTION
Extent x, 304 p.
Dimensions 23cm (Hb)
490 ## - SERIES STATEMENT
Series statement Oxford in India readings in Sociology and Social Anthropology ; edited by T. N. Madan
-- 28843
500 ## - GENERAL NOTE
General note Includes index
650 ## - SUBJECT ADDED ENTRY--TOPICAL TERM
Topical term or geographic name as entry element Economic Anthropology
Geographic subdivision India
650 ## - SUBJECT ADDED ENTRY--TOPICAL TERM
Topical term or geographic name as entry element Resource Based communities
Geographic subdivision India
700 ## - ADDED ENTRY--PERSONAL NAME
Personal name Das, Veena
9 (RLIN) 3498
700 ## - ADDED ENTRY--PERSONAL NAME
Personal name Das, Ranendra K.
9 (RLIN) 3499
700 ## - ADDED ENTRY--PERSONAL NAME
Personal name Das, Ranendra K.
9 (RLIN) 3500
700 ## - ADDED ENTRY--PERSONAL NAME
Personal name Madan, T. N.
9 (RLIN) 3501
700 ## - ADDED ENTRY--PERSONAL NAME
Personal name Mishra, Srijit
9 (RLIN) 3502
942 ## - ADDED ENTRY ELEMENTS (KOHA)
Source of classification or shelving scheme Dewey Decimal Classification
Item type English Books
Call number suffix SOC
Classification part 306.3
Holdings
Withdrawn status Lost status Not for loan Collection code Home library Current library Date acquired Source of acquisition Cost, normal purchase price Full call number Barcode Copy number Cost, replacement price Koha item type
      Non-fiction Central Library Central Library 27/06/2011 Allied Pub/2951/29.3.11/78/14.3.11/31.3.11 850.00 306.3 SOC B-430955 1 850.00 English Books
    Not For Loan Non-fiction D.B.Act.Division D.B.Act.Division 15/07/2010 DBAD/PUB 850.00 306.3 SOC EN-79935 1 850.00 English Books

© Delhi Public Library
Hit Counter
free hit counter